000 00733nam a2200229Ia 4500
003 OSt
005 20220923225634.0
006 a|||||r|||| 00| 0
007 ta
008 Pun
024 _a272,964
037 _cTextual
040 _aARTS
_cARTS
_bPun
041 _2Pun
_aPun
082 _aO153m2'N52, J6;K7
100 _aਸਿੰਘ, ਜੀਵਨ, ਥਦ.
245 0 _aਸਾਹਿਤ ਸਮਾਚਾਰ ਦਾ ਅੰਮ੍ਰਿਤਾ ਪ੍ਰੀਤਮ ਅੰਕ
260 _aਲੁਧਿਆਣਾ
_b ਲਾਹੌਰ ਬੁੱਕ Fਾਪ
_c1956
650 _aਪੰਜਾਬੀ ਸਾਹਿਤ
942 _hO153m2'N52, J6;K7
_cTEXL
_2CC
999 _c379605
_d379605